The yellow peril /

Wedi'i Gadw mewn:
Manylion Llyfryddiaeth
Prif Awdur: Shiel, M. P. (Matthew Phipps), 1865-1947
Fformat: Llyfr
Iaith:English
Cyhoeddwyd: London : Gollancz, 1929.
LEADER 00796nam a2200217 a 4500
001 c000083016
003 CARM
005 00000000000000.0
008 910614s1929 enk 00011 eng d
019 1 |a 8072518  |z 20899827  |5 LACONCORD2021 
035 |a (OCoLC)2143364  |5 LACONCORD2021 
040 |a VLINC  |c VLINC 
100 1 |a Shiel, M. P.  |q (Matthew Phipps),  |d 1865-1947. 
245 1 4 |a The yellow peril /  |c M. P. Shiel. 
260 |a London :  |b Gollancz,  |c 1929. 
300 |a 367 p. ;  |c 19 cm. 
500 |a First published as: The dragon. 1913. 
852 8 |b CARM  |h A2:AM34G0  |i A00658  |p 0097937  |f BK 
082 0 4 |a 823.912  |2 20 
999 f f |i 6dd679d2-ca28-50ab-93cc-2575e173282a  |s b61be0e0-d20a-5494-981e-23e477076585 
952 f f |p Can circulate  |a CAVAL  |b CAVAL  |c CAVAL  |d CARM 1 Store  |e A00658  |f A2:AM34G0  |h Other scheme  |i book  |m 0097937